Urban life in 20 years time (Record no. 118193)
[ view plain ]
| 000 -LEADER | |
|---|---|
| fixed length control field | 01195cam a2200229 4500 |
| 001 - CONTROL NUMBER | |
| control field | WB@3612-727 |
| 008 - FIXED-LENGTH DATA ELEMENTS--GENERAL INFORMATION | |
| fixed length control field | 041019n2004 000 0 eng u |
| 035 ## - SYSTEM CONTROL NUMBER | |
| System control number | (Sirsi) u127763 |
| 245 ## - TITLE STATEMENT | |
| Title | Urban life in 20 years time |
| 260 ## - PUBLICATION, DISTRIBUTION, ETC. | |
| Date of publication, distribution, etc. | 2004 |
| 490 ## - SERIES STATEMENT | |
| Series statement | Regeneration and Renewal |
| Volume/sequential designation | 15 October 2004, 11 (1) |
| 520 ## - SUMMARY, ETC. | |
| Summary, etc. | "Riding the rapids: urban life in an age of complexity" has been published by Building Futures. It attempts to predict what the housing situation in Britain will be like in 20 years time. It suggests that the focus of regeneration will in the future switch from inner-city areas to the suburbs. This will be due to the mass of suburban building over the last 60 years coming to the end of its life and needing regeneration. The report also suggests a need for more than five million extra homes to cope with the rise of single person households as marriage declines. The report is available from: http://www.buildingfutures.org.uk/frameset.htm. |
| 590 ## - LOCAL NOTE (RLIN) | |
| Local note | WB |
| 590 ## - LOCAL NOTE (RLIN) | |
| Local note | WB |
| 650 ## - SUBJECT ADDED ENTRY--TOPICAL TERM | |
| Topical term or geographic name entry element | URBAN RENEWAL |
| 650 ## - SUBJECT ADDED ENTRY--TOPICAL TERM | |
| Topical term or geographic name entry element | SUBURBAN AREAS |
| 650 ## - SUBJECT ADDED ENTRY--TOPICAL TERM | |
| Topical term or geographic name entry element | PLANNING |
| 650 ## - SUBJECT ADDED ENTRY--TOPICAL TERM | |
| Topical term or geographic name entry element | HOUSING-DEVELOPMENT |
| 650 ## - SUBJECT ADDED ENTRY--TOPICAL TERM | |
| Topical term or geographic name entry element | FUTURE DEMAND |
| 690 ## - LOCAL SUBJECT ADDED ENTRY--TOPICAL TERM (OCLC, RLIN) | |
| Topical term or geographic name as entry element | REGENERATION |
| 942 ## - ADDED ENTRY ELEMENTS (KOHA) | |
| Suppress in OPAC | 0 |
| Withdrawn status | Lost status | Source of classification or shelving scheme | Damaged status | Not for loan | Home library | Current library | Shelving location | Date acquired | Total Checkouts | Full call number | Barcode | Date last seen | Copy number | Price effective from | Koha item type |
|---|---|---|---|---|---|---|---|---|---|---|---|---|---|---|---|
| Dewey Decimal Classification | London | London | News article | 19/10/2004 | WB4040-16 | 127763-1001 | 06/08/2019 | 1 | 06/08/2019 | News article |